| 000 | 00855cam a22002291 4500 | ||
|---|---|---|---|
| 001 | gs 28000088 | ||
| 003 | DLC | ||
| 005 | 20260227111332.0 | ||
| 008 | 750903s1927 xx s000 0 eng | ||
| 010 | _ags 28000088 | ||
| 035 | _a(OCoLC)1595124 | ||
| 040 |
_aDLC _cCtHT _dDLC |
||
| 042 | _apremarc | ||
| 050 | 0 | 0 |
_aQE94.M5 _bR5 |
| 100 | 1 |
_aRice, William North, _d1845-1928. |
|
| 245 | 1 | 0 |
_aGuide to the geology of Middletown, Connecticut, and vicinity, _cby William North Rice and Wilbur Garland Foye. |
| 260 |
_aHartford, _bPrinted by the State Geological and Natural History Survey, _c1927. |
||
| 300 |
_a137 p. incl. illus., diagrs. _bIII pl. on 2 l. _c23 cm. |
||
| 410 | 2 | 0 |
_aState Geological and Natural History Survey of Connecticut. _tBulletin _vno. 41 |
| 650 | 0 |
_aGeology _zConnecticut _zMiddletown. |
|
| 700 | 1 |
_aFoye, Wilbur Garland, _d1886-1935. |
|
| 999 |
_c26622 _d26622 |
||